UBT Library

Datenfernverarbeitung / (Record no. 48)

000 -LEADER
fixed length control field 00601nam a22001937a 4500
008 - FIXED-LENGTH DATA ELEMENTS--GENERAL INFORMATION
fixed length control field 131008b xxu||||| |||| 00| 0 ger d
020 ## - INTERNATIONAL STANDARD BOOK NUMBER
International Standard Book Number 3540061398
041 0# - LANGUAGE CODE
Language code of text/sound track or separate title ger
080 ## - UNIVERSAL DECIMAL CLASSIFICATION NUMBER
Universal Decimal Classification number 004.72
100 1# - Rafti
Rafti Hofer, Herbert
245 10 - TITLE STATEMENT
Title Datenfernverarbeitung /
Statement of responsibility, etc Herbert Hofer
260 ## -
-- New York :
-- Springer Verlag ;
-- 1973
300 ## -
-- 200 f. :
-- me il. ;
-- 20 cm.
490 ## -
-- Heidelberger Taschenbücher
500 ## -
-- Vorwort V-VII
650 0# -
-- Rrjetet kompjuterike
650 0# -
-- Arkitektura e rrjeteve
942 ## - ADDED ENTRY ELEMENTS (KOHA)
Source of classification or shelving scheme
Item type Books
Holdings
Withdrawn status Lost status Source of classification or shelving scheme Damaged status Not for loan Collection code Permanent location Current location Shelving location Date acquired Total Checkouts Full call number Barcode Date last seen Price effective from Koha item type
          Koleksioni i përgjithshem UBT - Prishtine UBT - Prishtine Koleksioni i përgjithshem 10/08/2013   004.72 HOF 001-000035 10/08/2013 10/08/2013 Books
UBT Library © 2015-2024. All rights reserved University Education for Business and Technology